000 00256nam a22000977a 4500
999 _c11780
_d11780
008 200215b ||||| |||| 00| 0 eng d
020 _a9780618800438
100 _aMoscovich
_97464
245 _aCurious George
260 _aBoston
_bHoughton Mifflin Company
_c2007